书目信息 |
| 题名: |
化学基础
|
|
| 作者: | 图思 , 埃立斯 , E·R·图恩 著 ;吴自慎 译 | |
| 分册: | 第二分册 | |
| 出版信息: | 北京 文化教育出版社 1980 |
|
| 页数: | 446页 | |
| 开本: | 20cm | |
| 丛书名: | ||
| 单 册: | ||
| 中图分类: | O6 | |
| 科图分类: | ||
| 主题词: | 化学 | |
| 电子资源: | ||
| ISBN: | ||
| 000 | 00670nam0 2200229 45 | |
| 001 | 0405191048 | |
| 005 | 20060814170254.84 | |
| 010 | @dCNY1.05 | |
| 091 | @a7057.022 | |
| 100 | @a20040519d1980 km y0chiy0120 ea | |
| 101 | 0 | @achi@ceng |
| 200 | 1 | @a化学基础@Ahua xue ji chu@h第二分册@f(美)E·R·图恩,G·L·埃立斯著@F(mei)E·R·tu en,G·L·ai li si zhu@g吴自慎等译@Gwu zi shen deng yi |
| 210 | @a北京@c文化教育出版社@d1980 | |
| 215 | @a446页@d20cm | |
| 606 | 0 | @a化学 |
| 690 | @aO6@v3 | |
| 701 | 0 | @a图思@4著 |
| 701 | 0 | @a埃立斯@4著 |
| 701 | 0 | @aE·R·图恩@AE·R·tu en@4著 |
| 702 | 0 | @a吴自慎@Awu zi shen@4译 |
| 801 | @aCN@bPftUser@c20060814 | |
| 905 | @dO6@e108:2 | |
| 化学基础.第二分册/(美)E·R·图恩,G·L·埃立斯著/吴自慎等译.-北京:文化教育出版社,1980 |
| 446页;20cm |
| ISBN :CNY1.05 |
| ● |
| 相关链接 |
|
|
|
|
正题名:化学基础
索取号:O6/108:2
 
预约/预借
| 序号 | 登录号 | 条形码 | 馆藏地/架位号 | 状态 | 备注 |
| 1 | 0065793 | 202343687 | 密集书库/ [索取号:O6/108:2] | 在馆 | |
| 2 | 0065794 | 202298986 | 密集书库/ [索取号:O6/108:2] | 在馆 | |
| 3 | 0065795 | 202343696 | 密集书库/ [索取号:O6/108:2] | 在馆 | |
| 4 | 0065796 | 202298995 | 密集书库/ [索取号:O6/108:2] | 在馆 | |
| 5 | 0065797 | 202298959 | 密集书库/ [索取号:O6/108:2] | 在馆 | |
| 6 | 0065798 | 202343892 | 密集书库/ [索取号:O6/108:2] | 在馆 | |
| 7 | 0065799 | 202343730 | 密集书库/ [索取号:O6/108:2] | 在馆 | |
| 8 | 0065800 | 202343721 | 密集书库/ [索取号:O6/108:2] | 在馆 | |
| 9 | 0432211 | 204322116 | 密集书库/ [索取号:O6/108:2] | 在馆 | |
| 10 | 0442659 | 204426594 | 密集书库/ [索取号:O6/108:2] | 在馆 | |
| 11 | 0442660 | 204426601 | 密集书库/ [索取号:O6/108:2] | 在馆 | |
| 12 | 0442661 | 204426610 | 密集书库/ [索取号:O6/108:2] | 在馆 | |
| 13 | 0442662 | 204426629 | 密集书库/ [索取号:O6/108:2] | 在馆 | |
| 14 | 0442663 | 204426638 | 密集书库/ [索取号:O6/108:2] | 在馆 | |
| 15 | 0461304 | 204613043 | 密集书库/ [索取号:O6/108:2] | 在馆 | |
| 16 | 0461305 | 204613052 | 密集书库/ [索取号:O6/108:2] | 在馆 |